Movies Quiz

Random Movies or Christmas Quiz

Muppet Christmas Carol Lyrics: Bless Us All Quiz Stats

 Plays Quiz not verified by Sporcle

Challenge
Share
Tweet
Embed
Score 0/200 Timer 10:00
0 Plays Today
Answer % Correct
a
99.5%
Bless
99.5%
Us
99.5%
All
99.5%
Bless
99.5%
Us
99.5%
All
99.5%
us
99.5%
us
99.5%
us
99.5%
us
99.5%
us
99.5%
us
99.5%
us
99.5%
Bless
99.5%
Us
99.5%
all
99.5%
Bless
99.5%
Us
99.5%
All
99.5%
Bless
99.5%
Us
99.5%
All
99.5%
Bless
99.5%
Us
99.5%
All
99.5%
we
93%
and
93%
I
93%
I
93%
and
93%
I
93%
I
93%
And
93%
I
93%
we
93%
We
93%
and
93%
We
93%
we
93%
and
93%
we
93%
and
93%
and
93%
and
93%
We
93%
and
93%
we
93%
and
93%
we
93%
and
93%
we
93%
And
93%
and
93%
we
93%
in
90.8%
in
90.8%
in
90.8%
in
90.8%
in
90.8%
The
89.2%
the
89.2%
The
89.2%
the
89.2%
the
89.2%
the
89.2%
for
89.2%
Answer % Correct
for
89.2%
you
88.1%
you
88.1%
you
88.1%
you
88.1%
on
87.6%
as
87%
as
87%
as
87%
where
84.9%
so
84.9%
our
84.9%
our
84.9%
our
84.9%
can
84.3%
that
84.3%
that
84.3%
that
84.3%
can
84.3%
to
84.3%
with
83.8%
with
83.8%
with
83.8%
every
83.8%
With
83.8%
one
83.8%
with
83.8%
With
83.8%
every
83.8%
me
83.2%
me
83.2%
love
83.2%
me
83.2%
from
83.2%
love
83.2%
from
83.2%
who
82.7%
family
82.7%
No
82.7%
stand
81.6%
stand
81.6%
dear
81.1%
of
80.5%
of
80.5%
here
80.5%
hold
80.5%
of
80.5%
tall
80.5%
tall
80.5%
dreams
80%
dreams
80%
dreams
80%
home
78.4%
when
78.4%
it
77.8%
gather
77.8%
loving
77.8%
roam
77.8%
prayers
77.8%
prayers
77.8%
is
77.3%
have
77.3%
Let
77.3%
Let
77.3%
Let
77.3%
will
76.8%
always
76.8%
Answer % Correct
share
76.8%
always
76.8%
Earth
76.2%
forgive
76.2%
my
75.7%
place
75.7%
back
75.7%
other
75.7%
know
75.1%
live
75.1%
each
75.1%
much
74.6%
Lead
74.6%
yes
74.6%
reach
74.6%
reach
74.6%
compares
74.1%
fall
74.1%
catch
73.5%
hear
73%
night
72.4%
feel
71.9%
bring
71.9%
tears
71.9%
gift
71.4%
comfort
71.4%
see
71.4%
anger
71.4%
please
71.4%
please
71.4%
joyful
71.4%
Life
70.8%
day's
70.8%
lift
70.8%
light
70.8%
spirit
70.3%
run
70.3%
up
69.7%
up
69.7%
up
69.7%
belong
69.7%
look
69.7%
full
69.2%
path
69.2%
everywhere
69.2%
years
69.2%
laughter
68.6%
song
68.6%
into
68.6%
voice
68.6%
Fills
68.1%
Fills
68.1%
around
68.1%
sweet
67.6%
surprises
67.6%
reason
67%
singing
67%
eyes
66.5%
playful
66.5%
games
65.9%
those
65.4%
need
65.4%
sun
64.9%
comes
63.8%
noisy
61.1%
Teach
52.4%

You're not logged in!

Compare scores with friends on all Sporcle quizzes.
Join for Free
OR
Log In

You Might Also Like...

Show Comments

Extras

Top Quizzes Today


Score Distribution

Your Account Isn't Verified!

In order to create a playlist on Sporcle, you need to verify the email address you used during registration. Go to your Sporcle Settings to finish the process.

Report this User

Report this user for behavior that violates our Community Guidelines.

Details: